[Event "SRB-chT Central"]
[Site "Kragujevac"]
[Date "2013.09.20"]
[Round "9.3"]
[White "Atalik, Suat"]
[Black "Galkin, Alexander"]
[Result "1-0"]
[WhiteElo "2566"]
[BlackElo "2626"]
[Annotator "Atalik,S"]
[PlyCount "103"]
[EventDate "2013.09.14"]
[EventType "team-tourn"]
[EventRounds "11"]
[EventCountry "SRB"]
[SourceTitle "CBM 158"]
[Source "ChessBase"]
[SourceDate "2014.01.16"]
[SourceVersion "1"]
[SourceVersionDate "2014.01.16"]
[SourceQuality "1"]
[WhiteTeam "Kraljevo Sloga Turist"]
[BlackTeam "Vladimirci"]
[WhiteTeamCountry "SRB"]
[BlackTeamCountry "SRB"]

1. c4 e6 2. g3 d5 3. Bg2 Nf6 4. Nf3 ({Some of the lines are very similar to
the ones in the Catalan.} 4. d4 dxc4 5. Qa4+ Nbd7 (5... c6 6. Qxc4 b5 7. Qc2
Bb7 8. Nf3 Nbd7 9. Ne5 Qb6 (9... Nxe5 10. dxe5 Nd5 (10... Nd7 11. O-O Qb6 (
11... Nxe5 $2 12. Bf4 Nd7 13. Nc3 Qb6 14. a4 a6 15. Rfd1 $16) 12. Bf4 (12. a4
$5) 12... c5 13. Nd2 $14) 11. O-O Be7 12. Nd2 $14 (12. Nc3 $5)) 10. Be3 c5 11.
Nxd7 Nxd7 12. Bxb7 Qxb7 13. O-O Rc8 14. Rc1 Be7 15. dxc5 Nxc5 16. b4 Bf6 17.
Nc3 Na4 18. Qe4 Qa8 $1 19. Nxb5 Qxe4 20. Rxc8+ Ke7 21. Rc7+ Kf8 22. Rd1 $40) 6.
Qxc4 a6 7. Qd3 (7. Qc2 c5 8. Nf3 b6 (8... b5 9. Ne5 Nd5 10. Bxd5 (10. Nxd7 Qxd7
11. dxc5 Bb7 12. O-O Rc8 13. Nc3 Bxc5 14. Rd1 Qe7 15. Nxd5 Bxd5 16. e4 Bb7 17.
Qe2 $11) (10. Nc3 Nxe5 11. Nxd5 exd5 12. dxe5 Bb7 13. O-O $13) 10... exd5 11.
Nxd7 Qxd7 12. dxc5 Qc6 13. b4 a5 14. a4 $5 $13) 9. Ne5 Nd5 10. Nc6 (10. Nc3 Bb7
11. Nxd5 Bxd5 12. Bxd5 exd5 $11) 10... Qc7 11. e4 Qxc6 12. exd5 exd5 13. Nc3
Nf6 14. Bg5 cxd4 15. Bxf6 dxc3 16. Bxc3 Be6 17. Qe2 $44) 7... c5 8. dxc5 Bxc5
9. Nf3 O-O (9... b5 10. Ng5 $13) 10. O-O Qe7 11. Nc3 b5 12. Ne4 $13 (12. Ng5 $5
)) 4... dxc4 5. Qa4+ c6 {The modern approach.My motto was to go Qb3 in each
one of these little lines.} (5... Nbd7 6. Qxc4 {is critical for the
appreciation of the line.} a6 (6... c5 7. O-O (7. Qb3 Rb8 8. d3 Bd6 9. Nc3 (9.
a4 b6 10. Na3 a6 11. Nc4 Bc7 12. Bd2 O-O 13. O-O Bb7 14. Rfc1 Qe7 15. Qa3 $13)
9... a6 10. Ng5 b6 11. Nce4 Nxe4 12. Nxe4 $14) (7. Qc2 b6 $1 (7... a6 8. Nc3
Ra7 9. O-O b6 (9... b5 10. d3 Bb7 11. a4 $14) 10. d3 Bb7 11. e4 Be7 12. h3 O-O
13. Be3 $14) 8. O-O Bb7 9. b3 Be7 10. Bb2 O-O 11. Nc3 Rc8 $11) (7. d3 Bd6 8. a4
O-O 9. Qb3 Rb8 10. Na3 $1 $14) 7... b6 $1 (7... a6 8. Qb3 (8. Qc2 b6 9. Nc3 Bb7
10. Rd1 Rc8 11. e4 $5 $13) 8... Rb8 9. d3 Bd6 10. a4 b6 11. Na3 O-O 12. Nc4 Bc7
13. Bd2 Bb7 14. Rfc1 Qe7 15. Qa3 $1 {is a transposition.}) 8. Nd4 Ne5 9. Nc6
Nxc4 10. Nxd8 Nd5 11. Nc3 Kxd8 12. Nxd5 Bb7 13. Nc3 Bxg2 14. Kxg2 $11) 7. Qb3 (
7. Qc2 c5 8. Nc3 Ra7 9. O-O b6 10. d4 Bb7 11. e4 cxd4 12. Nxd4 Qa8 13. Re1 $14)
7... Rb8 8. a4 b6 9. O-O Bb7 10. d3 Be7 11. Na3 $5 $36) 6. Qxc4 b5 7. Qb3 {
That is the place I had saved for my queen but} (7. Qc2 $5 {is also a valid
possibility.} Bb7 8. O-O Nbd7 9. a4 (9. Nc3 a6 (9... Rc8 10. Rd1 $5 Qb6 11. d3
Be7 12. a4 $13) (9... Be7 10. e4 $5) 10. a4 $1 Be7 (10... Rc8 11. Rd1 (11. d3
Be7 12. e4 O-O 13. h3 a5 $1 14. Be3 Ba6 $132) 11... Be7 12. d4 $1 c5 (12... b4
13. Ne4 c5 14. Nxf6+ Nxf6 15. dxc5 Qa5 16. Be3 $14) 13. axb5 axb5 14. dxc5 Bxc5
15. Ne5 Bxg2 16. Nxd7 Nxd7 17. Kxg2 $14) 11. Rd1 (11. d3 O-O 12. e4 (12. Be3 $5
$13)) 11... O-O 12. d4 $14) 9... a6 10. Nc3 Rc8 {and once again everything
appears the same after all!} (10... Be7 11. d4 $5 O-O 12. Rd1) (10... Qb6 11.
d3 c5 12. axb5 axb5 13. Rxa8+ Bxa8 14. Qb3 $14)) 7... Bb7 8. d4 $5 (8. O-O a6 (
8... Nbd7 9. d4 a6 $6 10. Ne5 Nxe5 11. dxe5 Nd5 (11... Nd7 12. Nc3 Qc7 13. a4
$16) 12. Nc3 $16) 9. Ne5 $5 {is supposed to be the main line. I have to admit
that I might have confused the move order. With so many lines resembling each
other, this should not come as a surprise.} Qd4 (9... Qd6 10. d4 $1 Qxd4 11.
Bf4 $44 (11. Nd3 $5)) 10. Qc3) 8... a6 $1 (8... Nbd7 $6 9. O-O a6 10. Ne5 {
is transposition into a bad line.}) 9. Be3 $5 $146 {with d4 hanging in case of
an immediate Ne5 I felt like protecting d4.} (9. a4 $5 {is a known alternative.
} c5 10. axb5 Bd5 (10... c4 11. Qd1 axb5 12. Rxa8 Bxa8 13. O-O Bb4 $1 {was
seen in Nyzhnyk-Galkin last year.})) 9... Nd5 $6 (9... Nbd7 $142 {may be more
to the point.} 10. Ne5 (10. Nfd2 $5) 10... Nxe5 11. dxe5 Nd5 (11... Nd7 12. O-O
Nxe5 13. Nd2 $44) 12. O-O c5 13. Rc1 Rc8 (13... c4 $2 14. Rxc4 $1 bxc4 (14...
Nxe3 $2 15. Bxb7) 15. Qxb7 $16) 14. a4 c4 15. Qd1 $13) 10. Nbd2 Nd7 (10... c5
11. dxc5 Nd7 12. Ne4 $16) 11. Ne4 Rc8 12. O-O $1 $14 {An important decision.} (
12. Nc5 Nxc5 13. dxc5 Nxe3 14. Qxe3 Qa5+ 15. Nd2 Qb4 16. Rc1 Qxb2 17. O-O Be7
18. Ne4 O-O 19. Nd6 Rc7 $14) (12. Rc1 Nxe3 13. Qxe3 Qa5+ 14. Nfd2 Qxa2 15. O-O
Qxb2 16. Nb3 $44 {are less practical lines.}) 12... c5 13. dxc5 Nxc5 (13...
Nxe3 14. Qxe3 Nxc5 (14... Bxc5 15. Nxc5 Nxc5 16. Rac1) 15. Nfg5 Nxe4 16. Bxe4
Bc5 17. Qf4 $1 (17. Qf3 Qxg5 18. Bxb7 Rc7 19. Bxa6 O-O $44) 17... Qe7 18. Bxb7
Qxb7 19. b4 Ba7 20. Rac1 O-O 21. Qe4 Qxe4 22. Nxe4 $14) 14. Bxc5 Bxc5 15. Nxc5
{White has to be careful to keep his edge in the game.} (15. a4 $6 Qb6 (15...
Bb4 $6 16. axb5 axb5 17. Ra7 $16) 16. axb5 O-O 17. Ne5 Rfd8 18. Ng5 $1 f6 19.
Nc4 Qxb5 20. Qxb5 axb5 21. Nxe6 bxc4 22. Nxd8 Rxd8 23. Rfd1 Bb6 24. Rd2 Kf8 25.
Rad1 Ba5 26. Bxd5 Bxd2 27. Bxb7 Ke7 $14) 15... Rxc5 16. Rfc1 Rxc1+ 17. Rxc1 O-O
18. Ne5 $1 Qa5 (18... Qg5 19. Nd3 (19. f4 $4 Nxf4 $1) 19... Qd2 20. Bf3 $14)
19. Bf3 (19. Be4 $5 Qd2 $132) 19... h6 20. h4 Qd2 $5 {A great manoeuvre
preventing my intended weakening operation with Bh5.} (20... Rd8 21. Bh5 $1 (
21. Nd3 $5) 21... g6 22. Bf3 $40) (20... Rc8 $6 21. Rxc8+ Bxc8 22. Bxd5 exd5
23. Nf3 Be6 24. a3 $1 $14 (24. Nd4 $2 Qe1+ 25. Kg2 Bh3+ $1)) 21. Rd1 Qa5 22. a3
(22. Nd3 Rc8 23. Nf4 Rc5 $132) 22... Qc7 23. Nd3 Nf6 $2 {Black seriously
stumbles with this move.} (23... Rc8 24. Rc1 Qd7 25. Rxc8+ (25. Nc5 Qe7) 25...
Qxc8 $11) 24. Rc1 Qb6 25. Bxb7 Qxb7 26. Qc2 $1 $16 {Having the control of the
open c-file White builds up a serious initiative in the game.} Nd5 (26... Ne4
27. Qc6) (26... Qe4 27. Nb4) 27. Qc6 Qa7 $2 (27... Qa8 28. Qxa8 Rxa8 29. Rc6
$16) (27... Qxc6 $142 {A passive defence was required including an exchange of
queens.} 28. Rxc6 a5 29. Ne5 (29. Ra6 a4) 29... a4 $16) 28. Qd6 $18 a5 29. Rc5
$1 (29. Ne5 $2 Qd4 30. Qxf8+ Kxf8 31. Rc8+ Ke7 32. Nc6+ Kd7 33. Nxd4 Kxc8 34.
Nxb5 Kd7 $14) 29... Rb8 30. Ne5 Qa8 (30... Nf6 31. Qc7 (31. Rc7 $2 Qxf2+) 31...
Qxc7 32. Rxc7 Rd8 33. Rb7 (33. Nd3 e5 $1 $132) 33... Rd2 34. Rb8+ Kh7 35. Rxb5
Rxe2 36. Kg2 $1 a4 37. Kf3 Rc2 38. Nxf7 $18) 31. Qd7 $2 $138 ({I saw the
manoeuvre with} 31. Nc6 $1 {winning a pawn} Rb7 ({but strangely I did not feel
that} 31... Rf8 32. Rxb5 Rc8 33. Rc5 $18 {was totally winning.} (33. Rb8 $2
Rxb8 34. Qxb8+ Qxb8 35. Nxb8 Nb6 $14)) 32. Nd8 Rb8 33. Nxe6 Nf6 34. Nc7 Ne8 35.
Qf4 Nxc7 36. Rxc7 Rf8) 31... Qb7 32. Qxb7 (32. h5 $142 Nf6 (32... Qxd7 33. Nxd7
Rd8 34. Ne5 $18) 33. Qxb7 Rxb7 34. Rc8+ Kh7 35. g4 $16) 32... Rxb7 33. Rc8+ Kh7
34. h5 Nb6 $2 {After this Black is on the ropes.} (34... b4 $142 35. Rf8 (35.
Kg2 $5) 35... bxa3 36. bxa3 Nf6 37. Rxf7 Rb2 38. e3 Nxh5 39. Nc4 Rc2 $1 40.
Nxa5 Nf6 $132) 35. Rf8 Nc4 (35... g5 36. Nxf7 Kg7 37. Nd8 Kxf8 38. Nxb7 Nc4 39.
b3 Nxa3 40. Nxa5 Ke7 41. Nc6+ Kd6 42. f4 $3 gxf4 43. g4 $18) (35... g6 36.
Rxf7+) 36. Nxf7 g6 (36... g5 37. Nd8 Re7 38. Nc6 $18) 37. Nd8 Re7 38. hxg6+ (
38. Nc6 Rc7 39. Nd4 $18) 38... Kxg6 39. Nc6 ({No need for the other move I was
considering} 39. Rf3 $2 a4) 39... Rc7 40. Nd4 Rb7 (40... Nxb2 41. Nxb5 $18) 41.
b3 $1 {The first move after the time control and I had to weigh up
consequences.} ({It is not clear if pushing the extra pawns on the other side
wins.} 41. Nxe6 Nxb2 42. f4 Nc4 43. f5+ Kh7 44. f6 Nd6 (44... Kg6 45. Nd8 Rh7
46. f7 Kf6 47. Re8 Rxf7 48. Nxf7 Kxf7 49. Ra8 a4) 45. Nd8 Ra7 46. f7 Nxf7 47.
Nxf7 (47. Rxf7+ $4 Rxf7 48. Nxf7 b4) 47... Kg7 48. Rb8 Kxf7 (48... b4 $2 49.
Nd6 bxa3 50. Rb1 Rd7 51. Nc4 a2 52. Ra1 Rd4 53. Na3 Rd2 54. Kf2 $18) 49. Rxb5
a4 50. Rb4 Kf6 51. Kg2 Kf5 52. Kh3 Kg5 $16) 41... Nxa3 (41... e5 42. Nc6 (42.
bxc4 exd4 43. cxb5 Rxb5) 42... Nxa3 43. Nxa5 Rc7) 42. Ra8 ({Maybe} 42. Nxe6 $18
{was simple}) 42... a4 (42... Rd7 43. Nxe6) (42... e5 43. Ra6+ Kh7 (43... Kf7
44. Nf5) 44. Nc6 a4 45. Nxe5 Nb1 46. bxa4 bxa4 47. Rxa4 Nc3 48. Rc4 Rb1+ 49.
Kg2 Nxe2 50. Kf3 $18 {and the awkward position of Black's knight makes the
ending winning for White.}) 43. bxa4 ({Things are simpler after} 43. Nxe6 $142
$18) 43... b4 (43... e5 44. Nf3 e4 45. Nd4 b4 46. Nb3 Rc7 47. Rb8 Nc2 48. a5 e3
49. f4 $18) 44. Nb3 Rc7 45. a5 Rc3 (45... Nb5 46. Rg8+ $1 (46. Rb8 Rc3 47. Rxb5
Rxb3 48. a6 Ra3 49. Rxb4 Rxa6 50. f4 Ra5 51. Kf2 Rc5 52. e4 Rc3 53. Rb6 Kf7 54.
e5 Rc2+ 55. Kf3 h5 56. Rb7+ Kf8 57. Rh7 Rh2 $11) 46... Kf5 (46... Kf6 47. Rg4)
47. Rb8 $18) 46. a6 $2 {I saw both moves but for a second time being on low
time I came up with the worse of the two.} (46. Nd4 $1 Nc2 (46... e5 47. a6)
47. Nxe6 Kf7 48. Nf4 $18) 46... Nb5 47. Nd4 Nc7 $2 ({Obviously} 47... Nxd4 $1 {
makes the difference.} 48. a7 Ra3 49. Rg8+ Kf5 50. a8=Q Rxa8 51. Rxa8 Nxe2+ 52.
Kg2 (52. Kf1 Nd4 53. Ke1 Ke4 54. Kd2 e5 $132) 52... Nc3 (52... b3 $2 53. Kf3
Nd4+ 54. Ke3 e5 55. Ra6 h5 56. Rb6 Kg5 57. Ke4 $18) 53. Rb8 Nd5 54. Kf3 Ke5 55.
Ke2 Kd4 56. Kd2 e5 57. Rh8 Nc3 58. Kc2 (58. Rd8+ Kc4 59. g4 Ne4+ 60. Ke3 Nc3
61. Rc8+ Kd5 62. f3 Nb5 $14) 58... Ne4 $132) 48. Rb8 {This time it should
really be over.} Ra3 $6 (48... Nxa6 49. Rb6 Nc5 50. Rxb4 $1 $18 (50. Nxe6 $6
Nxe6 51. Rxe6+ Kg5 52. Rb6 b3 53. e4 (53. e3 $4 {allows the Black king to
switch to the other side.} Kf5 54. Rb4 Ke5 55. Kf1 Kd5 56. Ke2 Kc5 57. Rb8 Kc4
58. Kd1 $11) 53... Kg4 54. Kg2 $18 Kh5)) 49. Rb7 $1 Nxa6 (49... e5 50. Nc6 Nxa6
51. Nxe5+ $18) 50. Nxe6 Ra2 (50... Kf5 51. Nd4+ Ke4 52. Nc6 $1 b3 (52... Ra4
53. Rb5 $1) 53. Rb5 $1 $18 {and all of a sudden the black king enters a mating
net.}) 51. Rb5 Rb2 $2 {Here Alexander erred in a difficult position,} ({
but even after} 51... Kf6 52. Nd4 Ke7 53. g4 $18) 52. Rb6 $1 1-0

[Event "EU-Cup 19th"]
[Site "Rethymno"]
[Date "2003.09.29"]
[Round "2.1"]
[White "Arduman, Can"]
[Black "Mueller, Karsten"]
[Result "0-1"]
[WhiteElo "2336"]
[BlackElo "2521"]
[Annotator "Atlas,V"]
[PlyCount "84"]
[EventDate "2003.09.28"]
[EventType "team-swiss"]
[EventRounds "7"]
[EventCountry "GRE"]
[SourceTitle "CBM 098"]
[Source "ChessBase"]
[SourceDate "2004.02.03"]
[SourceVersion "1"]
[SourceVersionDate "2004.02.03"]
[SourceQuality "1"]
[WhiteTeam "Ankara Kolejiler"]
[BlackTeam "Gleisdorf"]
[WhiteTeamCountry "TUR"]
[BlackTeamCountry "AUT"]

1. d4 d5 2. c4 e6 3. Nf3 c6 4. Nbd2 Nf6 5. e3 c5 6. cxd5 exd5 7. Bb5+ Bd7 8.
Bxd7+ Nbxd7 9. dxc5 Nxc5 10. O-O Be7 11. Nb3 Nce4 12. Nbd4 O-O 13. b3 Bb4 14.
Bb2 Bc3 15. Bxc3 Nxc3 16. Qd3 Rc8 17. Rfc1 Qa5 18. Rc2 Rc7 19. h3 Rfc8 20. Qf5
Qa6 21. Kh1 b5 22. Ne5 b4 23. Nd3 Qb6 24. Qf4 a5 25. Nf5 Qa6 26. Ne5 g6 27. Nd4
Nfe4 28. f3 Nf6 29. a3 $4 (29. Kh2 $6 {is strongly met by findet die starke
Erwiderung} Nh5 30. Qh4 Qd6) ({however, aber} 29. Ng4 {or even the risky 29.g4
deserved attention. The imprudent text move yields Black a decisive advantage.
oder sogar das riskante 29.g4 kam in Betracht. Der sorglose Textzug überlässt
Schwarz entscheidenden Vorteil.}) 29... Nh5 30. Qh4 ({Auf} 30. Qh2 {is
strongly met by folgt stark} bxa3 31. g4 (31. Rxa3 {is elegantly refuted by
wird elegant widerlegt mit} Ne2 $1 32. Rxc7 Nhg3+) 31... Ng7 32. Rxa3 f6) 30...
bxa3 31. Rxa3 Qf1+ (31... Qd6 {was another appealing option in this position.
war hier eine weitere attraktive Möglichkeit.}) 32. Kh2 {[%tqu "En","How can
Black exploit the shaky position of the enemy king?","White is threatening 33.
Nf5, so you should play energetically not to allow White any time for getting
counterchances.","Sacrifice your knight to open access to White's back rank
for your rooks.","c3e2","Excellent! This terrific move decides the game for
Black.",6,"De","Wie kann Schwarz die unsichere Stellung des feindlichen Königs
ausnutzen?","Weiß droht 33.Sf5; Sie sollten daher energisch vorgehen, um Weiß
keinerlei Zeit für Gegenchancen einzuräumen.","Opfern Sie den Springer, um
Ihren Türmen Zugang zur weißen Grundreihe zu eröffnen.","c3e2","Ausgezeichnet!
Dieser schöne Zug entscheidet die Partie zu Gunsten von Schwarz.",6]} Ne2 $1 {
[%csl Gc7,Gc8,Gf1,Rg1,Rh1,Rh2,Gh5][%cal Gc8c1] This beautiful knight sacrifice
opens the back rank for the black rooks and yields Black a decisive advantage.
Dieses wunderschöne Springeropfer öffnet die Grundreihe für die schwarzen
Türme und bringt den Nachziehenden entscheidend in Vorteil.} 33. Rxe2 ({Or Oder
} 33. Nxe2 Rxc2 {, winning. und gewinnt.}) 33... Rc1 34. Qxh5 {White has to
sacrifice his queen to avoid mate. It does not help though, since he doesn't
get sufficient. Um das Matt zu vermeiden, muss Weiß seine Dame geben. Das
hilft aber nicht, da er keinen genügenden Ersatz bekommt.} gxh5 35. Kg3 f6 36.
Nd3 Rd1 37. Nf4 h4+ 38. Kg4 h5+ 39. Kf5 Rxd4 $1 {A nice final combination. Ein
hübsche Schlusskombination.} 40. exd4 Qb1+ 41. Re4 (41. Kxf6 {fails to
scheitert an} Rf8+ 42. Ke7 Qh7+ 43. Kd6 Rd8+ 44. Kc6 Qd7+ 45. Kb6 Rb8+ 46. Ka6
Qb7+ 47. Kxa5 Qb5#) 41... dxe4 42. fxe4 Re8 0-1

[Event "Dhaka"]
[Site "Dhaka"]
[Date "1995.??.??"]
[Round "11"]
[White "Hebden, Mark"]
[Black "Magomedov, Magaram"]
[Result "1/2-1/2"]
[WhiteElo "2550"]
[BlackElo "2455"]
[Annotator "Baburin,A"]
[PlyCount "82"]
[EventDate "1995.??.??"]
[EventType "tourn"]
[EventRounds "13"]
[EventCountry "BAN"]
[EventCategory "9"]
[SourceTitle "CBM 048"]
[Source "ChessBase"]
[SourceDate "1995.10.01"]
[SourceVersion "1"]
[SourceVersionDate "1995.10.01"]
[SourceQuality "1"]

1. d4 d5 2. c4 e6 3. Nf3 c5 4. e3 Nf6 5. cxd5 exd5 6. Bb5+ Bd7 7. Bxd7+ Nbxd7
8. dxc5 Nxc5 9. O-O Be7 10. Nc3 O-O 11. b3 {This position is quite different
compared to the game Handoko - Rahman, Z. Keeping the N, Black might hope to
use the e4-square.} Nce4 12. Bb2 Rc8 13. Ne2 Qa5 14. a3 Rfd8 15. Nfd4 Qa6 16.
Nf4 Bf8 17. Qd3 Qxd3 18. Nxd3 Nc5 19. Rfd1 Nxd3 20. Rxd3 Ne4 21. f3 Nc5 22. Rc3
Ne6 23. Rxc8 Rxc8 24. b4 g6 25. Rb1 a6 26. Kf2 Bg7 27. Ne2 Rc2 28. Bxg7 Kxg7
29. Rd1 d4 30. g3 dxe3+ 31. Kxe3 Ra2 32. Rd3 Kf6 33. h4 h5 34. f4 Ng7 35. Nc3
Nf5+ 36. Kf3 Rc2 37. Ne4+ Ke7 38. Nc5 Nd6 39. Re3+ Kd8 40. Ne4 Nf5 41. Rd3+ Ke7
1/2-1/2

[Event "Hamburg HSK"]
[Site "Hamburg"]
[Date "2011.01.04"]
[Round "4.5"]
[White "Rausis, Igors"]
[Black "Huschenbeth, Niclas"]
[Result "0-1"]
[WhiteElo "2484"]
[BlackElo "2450"]
[Annotator "Balcerak, P"]
[PlyCount "136"]
[EventDate "2011.01.02"]
[EventType "tourn"]
[EventRounds "9"]
[EventCountry "GER"]
[EventCategory "7"]
[SourceTitle "CBM 140 Extra"]
[Source "ChessBase"]
[SourceDate "2011.03.01"]
[SourceVersion "1"]
[SourceVersionDate "2011.03.01"]
[SourceQuality "1"]

1. d4 d5 2. c4 e6 3. Nf3 c6 4. Qc2 dxc4 5. Qxc4 Nf6 6. Bg5 Nbd7 (6... b5 {
ist der mit Abstand am häufigsten gespielte Zug hier.}) 7. Nc3 Qb6 8. e4 {
Zu dieser Stellung gibt es nur eine Partie.} Qxb2 (8... h6 9. Bd2 Qxb2 10. Rb1
Qa3 11. Be2 Qa5 12. O-O Be7 13. Qd3 {1-0 Neerforth,P (2258)-Namyslo,H (2327)/
Bad Woerishofen 2008/CBM 122 Extra (67)}) 9. Rb1 Qa3 10. Bc1 Qa5 11. Bd3 Be7 (
11... c5 {Vielleicht ist das eine Idee, obwohl Niclas bestimmt mehr Ahnung und
Arbeit mit dieser Stellung hat als ich.}) 12. Bd2 O-O 13. e5 Nd5 14. Nxd5 Qxd5
15. Qc2 f5 16. Bc4 Qe4+ 17. Qxe4 fxe4 {[#]Bis hierhin alles mehr oder weniger
forcierte Züge...} 18. Ng5 $6 (18. Bxe6+ Kh8 19. Bxd7 Bxd7 20. Rxb7 {sieht
einen Tick angenehmer für Weiß aus.}) 18... Bxg5 19. Bxg5 Nb6 20. Bb3 Nd5 21.
Bd2 Rd8 22. Bc2 Nc7 23. Be3 Nb5 24. Rb2 Nxd4 25. Bxe4 Nb5 26. O-O Nc3 27. Bf3
Nd5 28. Bc5 b6 29. Bd6 Ba6 {Wieder bis hierhin eine starke Partie von beiden
Spielern...} 30. Rd1 (30. Rc1 c5 31. Rd1 Bb7 32. Bxc5 Nf4 $15) 30... Bc4 31.
Bg4 Kf7 32. Rc1 b5 33. Rxc4 {Hier gab es 2 ruhigere Möglichkeiten, die die
Kompensation des Läuferpaars zumindest ein bisschen weiterhin aufrecht
erhalten.} (33. a4) (33. f4) 33... bxc4 34. Rb7+ Kg6 35. Bxe6 c3 36. g4 Kh6 {
Möglicherweise schon etwas ungenau} (36... Kg5 {nimmt Weiß vielleicht sofort
den Wind aus den Segeln.} 37. Rxg7+ $2 Kh6) 37. Bf5 g6 38. Be4 Nb6 $2 {[#]} (
38... Kg5 39. f3 $44) (38... Nf6 39. exf6 Rxd6 40. h4 {wäre eine weitere
mögliche Fortsetzung mit fortdauernden Komplikationen}) (38... Rxd6 $5) 39. Rf7
$2 (39. h4 $1 c2 {Vielleicht hier sogar schon die beste Variante sich zu
verteidigen} (39... Rd7 40. Rxd7 Nxd7 41. e6 Nb6 42. Bxc6 c2 (42... Rc8 $2 43.
e7 $18) (42... Kg7 43. Be5+ Kf8 44. Bxc3 Rc8 45. Bb4+ Kg7 46. e7 $16) 43. Bf4+
Kg7 44. Bxa8 Nxa8 $16) 40. g5+ Kh5 41. Rxh7+ Kg4 42. Bxc2 $16) 39... Rd7 40.
Be7 Rxe7 41. Rxe7 Kg5 (41... Nd5) 42. Rxh7 Kxg4 43. Bxg6 (43. Rf7 {ist
vielleicht etwas genauer. Versperrt dem schwarzen König die Flucht nach drüben.
}) 43... Kf4 44. Kf1 Kxe5 45. Rh5+ Kd4 46. Rh4+ Kc5 47. Bd3 {Hier ist schon
Weiß derjenige, der ums Remis kämpfen muss.} Rd8 48. Ke2 Rg8 49. Kf1 Kd5 50.
Rf4 Rh8 51. h4 Nd7 52. Ke2 Ne5 53. Be4+ Kc5 54. Ke3 Nc4+ 55. Kd3 Kb4 56. Kc2
Na3+ 57. Kc1 c5 58. h5 c4 59. Bg6 Rd8 60. h6 Rd6 61. Rg4 Rd2 62. Rf4 $2 (62. h7
{hätte den Laden vielleicht zusammen gehalten}) 62... Rxa2 63. Kd1 Ra1+ 64. Ke2
Rh1 65. Rf7 Rxh6 66. Rb7+ Kc5 67. Rxa7 c2 68. Kd2 c3+ 0-1

[Event "Gashimov Memorial 3rd"]
[Site "Shamkir"]
[Date "2016.05.29"]
[Round "4"]
[White "Eljanov, Pavel"]
[Black "Karjakin, Sergey"]
[Result "1/2-1/2"]
[WhiteElo "2765"]
[BlackElo "2779"]
[Annotator "Baldauf,M"]
[PlyCount "82"]
[EventDate "2016.05.26"]
[EventType "tourn"]
[EventRounds "9"]
[EventCountry "AZE"]
[EventCategory "20"]
[SourceTitle "CBM 173"]
[Source "ChessBase"]
[SourceDate "2016.07.12"]
[SourceVersion "1"]
[SourceVersionDate "2016.07.12"]
[SourceQuality "1"]

1. d4 Nf6 2. c4 e6 3. Nf3 d5 4. Bg5 Nbd7 5. e3 h6 6. Bh4 Be7 7. Nbd2 c5 8. Be2
O-O 9. O-O b6 10. cxd5 Nxd5 11. Bg3 Bb7 12. Nc4 N7f6 13. dxc5 Bxc5 14. Nfd2 Rc8
{Schwarz hat bequem ausgeglichen, seine Figuren stehen gar etwas harmonischer.
Eljanov ergreift drastische Maßnahmen, die dem Spiel einen zweischneidigen
Charakter verleihen.} 15. e4 $5 (15. Qb3 $11) 15... Ne7 16. e5 Ne4 17. Nxe4
Bxe4 18. Nd6 {nur so ist der Vorstoß des Bauern nach e5 zu rechtfertigen} Bxd6
19. exd6 Nf5 20. Qa4 Bd5 21. d7 Rc5 (21... Nxg3 $6 22. hxg3 Rc7 23. Bb5 $11)
22. b4 Nxg3 23. hxg3 Rc7 24. Bb5 Qg5 {Diagramm [#] der weiße Bauer auf d7
stört etwas, doch dafür stehen die weißen Figuren, allen voran die Da4
schlecht.} 25. Rfe1 Rd8 26. Re3 h5 27. Rae1 h4 (27... g6 28. Re5 Qf6 29. Rxd5
$2 exd5 30. Re8+ Kg7 $19) 28. Re5 Qf6 {Diagramm [#]} (28... Qd2 $1 $13) 29. Qa3
(29. Rxd5 $1 {erstaunlich, dass Eljanov diese Taktik übersieht} exd5 30. Re8+
Kh7 31. Qd1 $1 g6 $8 32. Rxd8 Qxd8 33. Qxd5 $16 {[%cal Rd5f7,Rd5e5,Re5e8]})
29... Ba8 30. Qe3 hxg3 31. Qxg3 a6 32. Rxe6 $1 {liquidiert in ein
ausgeglichenes Endspiel} fxe6 33. Qxc7 Rf8 $1 (33... axb5 34. Rxe6 Qg5 35.
Qxd8+ Qxd8 36. Re8+ $18) 34. Qxb6 axb5 35. Qxe6+ Qf7 36. Qxf7+ Kxf7 37. Re5 Rd8
38. Rxb5 Rxd7 39. a4 Bc6 40. Rf5+ Ke6 41. Ra5 Rd1+ 1/2-1/2

[Event "Budapest Krenosz Memorial"]
[Site "Budapest"]
[Date "1976.06.18"]
[Round "3"]
[White "Petran, Pal"]
[Black "Lombard, Andre"]
[Result "1-0"]
[WhiteElo "2415"]
[BlackElo "2420"]
[Annotator "Balogh,Bela"]
[PlyCount "49"]
[EventDate "1976.06.16"]
[EventType "tourn"]
[EventRounds "15"]
[EventCountry "HUN"]
[SourceTitle "EXT 2021"]
[Source "ChessBase"]
[SourceDate "2020.10.23"]
[SourceVersion "1"]
[SourceVersionDate "2020.10.23"]
[SourceQuality "1"]

1. d4 d5 2. Nf3 Nf6 3. c4 c6 4. e3 e6 5. Bd3 Nbd7 6. O-O Ne4 7. b3 f5 8. Bb2
Be7 9. Ne5 O-O 10. Nxd7 Bxd7 11. f3 Nf6 12. Nd2 c5 $2 (12... Be8 13. e4 Bg6 14.
Qc2 Qd7 15. Rae1 fxe4 16. fxe4 Bb4 $11) 13. Qe2 Qc7 14. Rfc1 b6 15. b4 Rfb8 (
15... Rfc8) 16. bxc5 bxc5 17. Ba3 e5 18. cxd5 $16 exd4 19. exd4 Re8 20. Qf2 Kh8
(20... Qa5 21. Bxc5 Bxc5 22. dxc5 Nxd5 23. Bc4 Be6 24. Nb3 $18) 21. Bxc5 Qf4
22. d6 Bf8 23. Nc4 Be6 24. Ne5 Rad8 25. Bb5 1-0